BELO SOBRO A história de um semeador de sonhos (Registo nº 36321)
[ vista simples ]
| 000 -Etiqueta do registo | |
|---|---|
| Valores | 00687nam a2200241 4500 |
| 010 ## - Número ISBN | |
| ISBN | 9789899068872 |
| 021 ## - Número do Depósito Legal | |
| Código do país | Portugal |
| 100 ## - Dados gerais de processamento | |
| Dados gerais | 20240708 pory50 |
| 101 ## - Língua de publicação | |
| Língua | Português |
| 102 ## - País de publicação | |
| País | Portugal |
| 200 ## - Titulo e menção de responsabilidade | |
| Título próprio | BELO SOBRO A história de um semeador de sonhos |
| Primeira menção de responsabilidade | Mafalda Bernardes da Silva |
| Outras menções de responsabilidade | Miguel Soares |
| -- | il. Rui Gaspar |
| 205 ## - Menção da edição | |
| Edição | 2ª edição |
| 210 ## - Publicação | |
| Local de publicação | S/L |
| Nome do editor | Alfarroba |
| Data de publicação | 2024 |
| 215 ## - Descrição física | |
| Paginação / Volumes | 41 p. |
| Outras indicações físicas | muito il. |
| Dimensões | 22 cm |
| 606 ## - Nome comum usado como assunto | |
| ID Autoridade | 187 |
| Palavra de ordem | Histórias para crianças |
| 700 ## - Autor principal | |
| Função | Autor |
| ID Autoridade | 6664 |
| Apelido | Silva |
| Nome | Mafalda Bernardes da |
| 701 ## - Autor co-responsavel | |
| Função | Autor |
| ID Autoridade | 6665 |
| Apelido | Soares |
| Nome | Miguel |
| 702 ## - Autor secundário | |
| Função | Ilustrador |
| ID Autoridade | 6666 |
| Apelido | Gaspar |
| Nome | Rui |
| 801 ## - Fonte de origem | |
| País | PT |
| Regras de catalogação | RPC |
| 090 ## - Tipo de documento | |
| Koha biblioitem number (autogenerated) | 36321 |
| 990 ## - Elementos KOHA | |
| Tipo de documento | Livro |
| 994 ## - Estado da catalogação | |
| Situação | Completo |
| Situação do levantamento | Situação do extravio | Biblioteca de origem | Biblioteca de empréstimo | Código de barras | Cota | Permissão de empréstimo | Tipo de documento | Forma de aquisição |
|---|---|---|---|---|---|---|---|---|
| Completo | Biblioteca da Escola Básica de Aguiar | Biblioteca da Escola Básica de Aguiar | 837 BA | 087.5 SIL | Disponível | Livro | Oferta | |
| Completo | Biblioteca da Escola Básica e Secundária Dr Isidoro de Sousa | Biblioteca da Escola Básica e Secundária Dr Isidoro de Sousa | 8484 | 087.5 SIL | Disponível | Livro | Compra |